[Event "FICGS class E 000135 email"]
[Site "FICGS email"]
[Date "2011.02.28"]
[Round "1"]
[White "Catteau, Christophe"]
[Black "Quanter, Kirsty"]
[Result "1-0"]
[WhiteElo "1400"]
[BlackElo "1390"]
[PlyCount "43"]
[EventDate "2011.??.??"]
[EventType "tourn (corr)"]
[EventRounds "1"]
[SourceTitle "Corr 2013"]
[Source "ChessBase"]
[SourceDate "2012.11.12"]
[SourceVersion "1"]
[SourceVersionDate "2012.11.12"]
[SourceQuality "1"]

1. e4 e5 2. Nf3 Nc6 3. Bb5 Nf6 4. 0-0 Bc5 5. c3 0-0 6. d4 Bb6 7. Re1 d6 8. h3 h6 9. Na3 exd4 10. cxd4 d5 11. e5 Ne4 12. Nc2 a6 13. Bxc6 bxc6 14. Nb4 a5 15. Nd3 Ba6 16. Qc2 a4 17. Nb4 c5 18. Nxa6 Rxa6 19. dxc5 Bxc5 20. Be3 Bb4 21. Red1 a3 22. b3 1-0